Estatísticas para Capitães Campeões Copa do Brasil

Clique aqui para jogar o quiz

Estatísticas Gerais

  • Esse quiz foi jogado 44 vezes
    (12 desde o último reset)
  • A pontuação média é 9 de 35

Estatísticas das Respostas

AnoClubeCapitão% Correto
2020PalmeirasGustavo Gómez
67%
2023São PauloRafinha
67%
2022FlamengoEverton Ribeiro
56%
2014Atlético-MGLeonardo Silva / Léo Silva
56%
2016GrêmioMaicon
56%
2012PalmeirasMarcos Assunção
56%
2010SantosRobinho
44%
2008SportDurval
33%
2011VascoFernando Prass
33%
2021Atlético-MGJunior Alonso
33%
2002CorinthiansRicardinho
33%
2009CorinthiansWillian
33%
2015PalmeirasZé Roberto
33%
2001GrêmioZinho
33%
1998PalmeirasZinho
33%
2003CruzeiroAlex
22%
2007FluminenseCarlos Alberto
22%
2017CruzeiroHenrique
22%
2018CruzeiroHenrique
22%
1995CorinthiansHenrique
22%
1997GrêmioMauro Galvão
22%
1990FlamengoRenato Gaúcho / Portaluppi
22%
2005PaulistaAnderson
11%
2000CruzeiroClébão / Cleber
11%
1989GrêmioEdinho
11%
1992InternacionalGérson
11%
2013FlamengoLeonardo Moura / Léo Moura
11%
1996CruzeiroNonato
11%
2019Athletico-PRWellington
11%
2004Santo AndréDedimar
0%
1999JuventudeFlávio
0%
1991CriciúmaItá
0%
2006FlamengoJônatas
0%
1993CruzeiroPaulo Roberto
0%
1994GrêmioPingo
0%

Distribuição das Pontuações

Percentil de Números Respondidos

Porcentagem de Pessoas com Cada Pontuação

Sua Pontuação Histórica

Você não jogou esse quiz desde o último reset